Japanese economic development (Record no. 1092104)

MARC details
000 -LEADER
fixed length control field 00916nam a2200301Ia 4500
003 - CONTROL NUMBER IDENTIFIER
control field OSt
005 - DATE AND TIME OF LATEST TRANSACTION
control field 20221006151940.0
008 - FIXED-LENGTH DATA ELEMENTS--GENERAL INFORMATION
fixed length control field 221006b |||||||| |||| 00| 0 jpn d
020 ## - INTERNATIONAL STANDARD BOOK NUMBER
International Standard Book Number 9780415041010
037 ## - SOURCE OF ACQUISITION
Terms of availability Textual
040 ## - CATALOGING SOURCE
Original cataloging agency EASL
Transcribing agency EASL
Language of cataloging jpn
041 ## - LANGUAGE CODE
Source of code jpn
Language code of text/sound track or separate title jpn
100 ## - MAIN ENTRY--PERSONAL NAME
Personal name FRANCKS Penelope
9 (RLIN) 660396
245 #0 - TITLE STATEMENT
Title Japanese economic development
Remainder of title Theory and practice
260 ## - PUBLICATION, DISTRIBUTION, ETC.
Place of publication, distribution, etc. London
Name of publisher, distributor, etc. Routledge
Date of publication, distribution, etc. 1992
300 ## - PHYSICAL DESCRIPTION
Extent 288p.
Dimensions cm.
490 ## - SERIES STATEMENT
Volume/sequential designation JEL
Series statement The Nissan Institute/Routledge Japanese Studies Series
650 ## - SUBJECT ADDED ENTRY--TOPICAL TERM
Topical term or geographic name entry element Agriculture - Economic aspects - Japan
9 (RLIN) 660397
650 ## - SUBJECT ADDED ENTRY--TOPICAL TERM
Topical term or geographic name entry element Japan - Industries
9 (RLIN) 660398
650 ## - SUBJECT ADDED ENTRY--TOPICAL TERM
Topical term or geographic name entry element JEL
650 ## - SUBJECT ADDED ENTRY--TOPICAL TERM
Topical term or geographic name entry element Industry and state - Japan
9 (RLIN) 660399
942 ## - ADDED ENTRY ELEMENTS (KOHA)
Classification part X.42.N91, N2
Koha item type Textual
Source of classification or shelving scheme Colon Classification (CC)
Holdings
Withdrawn status Lost status Source of classification or shelving scheme Damaged status Not for loan Home library Current library Date acquired Cost, normal purchase price Serial Enumeration / chronology Total Checkouts Full call number Barcode Date last seen Cost, replacement price Price effective from Koha item type
    Colon Classification (CC)     Department of East Asian Studies Library Department of East Asian Studies Library 2022-10-06 652.10 JEL   X.42.N91 N2 EA1010953 2022-10-06 652.10 2022-10-06 Textual
Copyright @ Delhi University Library System